000 00496cam a2200181 4500
001 D1094
008 090401t1985 xxu||||| |||| 00| 0 eng d
035 _a(Sirsi) u62518
041 _aeng
050 _a690.25
110 _aAssociation of Metropolitan Authorities
_91383
245 _aDefects in housing Part 3: repair and modernisation of traditional built dwellings
260 _aLondon
_bAMA
_c1985
300 _a38p. ill. plans. 30cm
350 _a5
942 _n0
948 _c04/03/1997
999 _c94433
_d94433